000 00415nam a2200181Ia 4500
001 13530
005 20260306164808.0
008 260306t2005||||xx |||||||||||||| ||spa||
041 _aESP
082 _a004.6
_bM26
100 _aMarshall, Perry S.
_eAUT
245 0 _aIndustrial ethernet
260 _c2005
300 _a129 páginas :
_c23 cm.
650 _aGEN
654 _aCCC
942 _cLIB
_dJUS
_fJUS
_2ddc
_n
999 _c13530
_d13530